<?xml version="1.0" encoding="UTF-8"?><?xml-stylesheet type="text/xsl" href="static/style.xsl"?><OAI-PMH xmlns="http://www.openarchives.org/OAI/2.0/" xmlns:xsi="http://www.w3.org/2001/XMLSchema-instance" xsi:schemaLocation="http://www.openarchives.org/OAI/2.0/ http://www.openarchives.org/OAI/2.0/OAI-PMH.xsd"><responseDate>2026-04-27T12:22:19Z</responseDate><request verb="GetRecord" identifier="oai:uvadoc.uva.es:10324/77663" metadataPrefix="marc">https://uvadoc.uva.es/oai/request</request><GetRecord><record><header><identifier>oai:uvadoc.uva.es:10324/77663</identifier><datestamp>2025-09-11T19:04:11Z</datestamp><setSpec>com_10324_38</setSpec><setSpec>col_10324_852</setSpec></header><metadata><record xmlns="http://www.loc.gov/MARC21/slim" xmlns:doc="http://www.lyncode.com/xoai" xmlns:xsi="http://www.w3.org/2001/XMLSchema-instance" xmlns:dcterms="http://purl.org/dc/terms/" xsi:schemaLocation="http://www.loc.gov/MARC21/slim http://www.loc.gov/standards/marcxml/schema/MARC21slim.xsd">
<leader>00925njm 22002777a 4500</leader>
<datafield tag="042" ind1=" " ind2=" ">
<subfield code="a">dc</subfield>
</datafield>
<datafield tag="720" ind1=" " ind2=" ">
<subfield code="a">Castro de Pedro Juan, Marta</subfield>
<subfield code="e">author</subfield>
</datafield>
<datafield tag="260" ind1=" " ind2=" ">
<subfield code="c">2025</subfield>
</datafield>
<datafield tag="520" ind1=" " ind2=" ">
<subfield code="a">El rebranding es una estrategia de renovación de la marca que se encuentra cada vez más&#xd;
presente en nuestras vidas, no solo a nivel corporativo sino también, de manera figurativa,&#xd;
a nivel personal. La industria de la música es muy competitiva, por lo que, para mantener&#xd;
su éxito, muchos artistas se ven obligados a emplear esta estrategia. Este trabajo se centra&#xd;
especialmente en aquellos artistas cuya fama fue fruto de la franquicia de Disney Channel,&#xd;
cuando tan solo eran unos adolescentes. Miley Cyrus, Tini y los Jonas Brothers son&#xd;
algunos de los ejemplos que demuestran un notable proceso de rebranding tras su ruptura&#xd;
con su etapa Disney y su transición a la edad adulta. Aunque a todos ellos les unieron&#xd;
motivaciones similares para llevar a cabo un cambio en su carrera musical, cada uno&#xd;
presenta diferentes características que los llevaron a tomar distintas decisiones en cuanto&#xd;
a la gestión y proyección de su imagen pública.</subfield>
</datafield>
<datafield tag="024" ind2=" " ind1="8">
<subfield code="a">https://uvadoc.uva.es/handle/10324/77663</subfield>
</datafield>
<datafield tag="245" ind1="0" ind2="0">
<subfield code="a">De ídolos adolescentes a estrellas internacionales: el caso Dinsey Chanel. Un análisis de rebranding en la industria musical</subfield>
</datafield>
</record></metadata></record></GetRecord></OAI-PMH>